000 00757nam a2200241Ia 4500
003 OSt
005 20220923215501.0
006 a|||||r|||| 00| 0
007 ta
008 220922b |||||||| |||| 00| 0 hin d
024 _a179,198
037 _cTextual
040 _aARTS
_cARTS
_bhin
041 _2hin
_ahin
082 _aO152,1M96:g, L3
245 0 _aनिराला साहित्य सन्दर्भ
246 _aNirālā sāhitya sandarbha
260 _aप्रयाग
_b हिन्दी साहित्य सन्दर्भ
_c1973
300 _a241 पृ.
_ccm.
650 _aहिन्दी साहित्य
_9156264
942 _hO152,1M96:g, L3
_cTEXL
_2CC
999 _c332579
_d332579